Klamárka

Bibliographic Details
Main Author: Skokanová, Viera (Author)
Format: Article
Language:Slovak
PhysicalDescription:Obr. 1.
Subjects:

MARC

LEADER 00000nab a2200000 a 4500
001 vtls000179918
003 SK-MaSNL
005 20260304063506.0
008 250422c1984 xo 0 slo
015 |a SNBRB19rr/mm-uuuuu 
035 |a CL0190031 
035 |a urn:nbn:sk:snk-ab1bho 
035 |a (urnnbn)urn:nbn:sk:snk:ar-001oou 
035 |a (uuid)84b28646-e43f-42df-a6cc-e16e2efc8174 
040 |a SNKBUCL  |b slo  |c SNKBUCL  |e AACR2 
041 0 |a slo 
044 |a xo  |c SK 
080 |a 791.43(438)  |2 1981 
100 1 |a Skokanová, Viera  |4 aut  |9 925598 
245 1 0 |a Klamárka  |c Viera Skokanová ; Malgorzata Musierowiczová, Anna Sokolowská 
300 |b Obr. 1. 
650 0 7 |a Klamárka (film poľský)  |2 snkbucl  |9 1350010 
655 7 |a články z novín a časopisov  |2 snkbucl  |9 267496 
773 0 |t Film a divadlo  |g Roč. 28, č. 8 (1984), s. 23 
850 |a Slovenská národná knižnica 
852 |a Slovenská národná knižnica 
954 |a odborná, vedecká literatúra pôvodná (slovenská)  |2 lita 
958 |a article27 
958 |a OND 
958 |a RK 
958 |a PL 
958 |a EUIPO 
992 |a RBX 
999 |c 2742813  |d 2744743